| 000 | 00902nam a2200241 i 4500 | ||
|---|---|---|---|
| 001 | 161256 | ||
| 003 | ES-MaACL | ||
| 005 | 20231228063239.0 | ||
| 008 | 990628s1884 sp |||| | spa d | ||
| 040 |
_aCCPB | B _bspa _cCCPB | B |
||
| 080 | _a821.134.2-14"18" | ||
| 100 | 1 |
_aPalacio, Manuel del, _d1831-1906 _988370 |
|
| 245 | 1 | 0 |
_aMelodias intimas _b: sonetos, cantares y coplas / _c[Manuel del Palacio]. |
| 260 |
_aMadrid : _b[s.n.], _c1884 ( _fEst. Tipográfico de los Sucesores de Rivadeneyra) |
||
| 300 |
_aXXXII, 235 p., [1] h. de lam. ; _c18 cm. |
||
| 490 | 1 | _aObras de Manuel del Palacio | |
| 594 | _aAutor tomado de antep. | ||
| 596 | _aEn cub. cosnta como ed.: Libreria de Fernando Fe. | ||
| 599 | _aLa h. de lam. grab. calc. del autor. | ||
| 830 | 0 |
_aObras de Manuel del Palacio _9191337 |
|
| 852 |
_aES-MaACL _jG-13911(1) _z-- Enc. hol. |
||
| 999 |
_c161256 _d161256 |
||